Cromatografía líquida de alta resolución
| Main Author: | |
|---|---|
| Format: | Section = Libro |
| Language: | Undetermined Spanish |
| Published: |
México
Limusa
1988
|
| Subjects: |
| LEADER | 00619nam a2200205Ia 4500 | ||
|---|---|---|---|
| 008 | 240829s9999 xx 000 0 und d | ||
| 020 | |a 968-18-1993-4 | ||
| 040 | |a BIBLIOTECA-RUSB/ 544.924 G216 | ||
| 041 | |a spa | ||
| 082 | |a 544.924 G216 | ||
| 100 | 1 | |a García de Marina, Adrián | |
| 245 | 1 | 0 | |a Cromatografía líquida de alta resolución |
| 260 | |a México |b Limusa |c 1988 | ||
| 300 | |a 252 p. :il. | ||
| 650 | 7 | |a CROMATOGRAFIA LIQUIDA | |
| 650 | 7 | |b TECNICAS INSTRUMENTALES | |
| 650 | 7 | |c ANALISIS CUALITATIVO Y CUANTITATIVO. Castillo, Benitoo Castillo, Benito del | |
| 942 | |c BK |2 ddc | ||
| 991 | |a TEXTO | ||
| 999 | |c 2451 | ||